Fire safety during the construction of large timber-framed buildings (Record no. 83178)
[ view plain ]
| 000 -LEADER | |
|---|---|
| fixed length control field | 01012cab a22002055a 4500 |
| 001 - CONTROL NUMBER | |
| control field | L153072 |
| 008 - FIXED-LENGTH DATA ELEMENTS--GENERAL INFORMATION | |
| fixed length control field | 110602s2011 xxk f s 000 0 eng d |
| 035 ## - SYSTEM CONTROL NUMBER | |
| System control number | (Sirsi) u153072 |
| 041 0# - LANGUAGE CODE | |
| Language code of text/sound track or separate title | eng |
| 110 2# - MAIN ENTRY--CORPORATE NAME | |
| Corporate name or jurisdiction name as entry element | Association for Project Safety |
| 9 (RLIN) | 5460 |
| 245 00 - TITLE STATEMENT | |
| Title | Fire safety during the construction of large timber-framed buildings |
| 260 ## - PUBLICATION, DISTRIBUTION, ETC. | |
| Date of publication, distribution, etc. | 2011 |
| 490 #0 - SERIES STATEMENT | |
| Series statement | Building Engineer |
| Volume/sequential designation | 86(6) June 2011, 22-23(2) |
| 520 ## - SUMMARY, ETC. | |
| Summary, etc. | Several recent serious fires taking place during the erection of timber-framed blocks of flats have highlighted the potential for rapid fire growth and fire spread; the nature of the problem, government responses, managing fire safety in timber-framed building projects, what can be done? the timber-framed industry's position, the CDM supervisor's position, and conclusions and current activity. |
| 590 ## - LOCAL NOTE (RLIN) | |
| Local note | KA |
| 651 #4 - SUBJECT ADDED ENTRY--GEOGRAPHIC NAME | |
| Geographic name | United Kingdom |
| Chronological subdivision | |
| 690 ## - LOCAL SUBJECT ADDED ENTRY--TOPICAL TERM (OCLC, RLIN) | |
| Topical term or geographic name as entry element | BUILT ENVIRONMENT-BUILDING STANDARDS-FIRE REGULATIONS |
| 690 ## - LOCAL SUBJECT ADDED ENTRY--TOPICAL TERM (OCLC, RLIN) | |
| Topical term or geographic name as entry element | MANAGEMENT-HEALTH AND SAFETY-FIRE SAFETY |
| 942 ## - ADDED ENTRY ELEMENTS (KOHA) | |
| Suppress in OPAC | 0 |
| Withdrawn status | Lost status | Source of classification or shelving scheme | Damaged status | Not for loan | Home library | Current library | Shelving location | Date acquired | Total Checkouts | Full call number | Barcode | Date last seen | Copy number | Price effective from | Koha item type |
|---|---|---|---|---|---|---|---|---|---|---|---|---|---|---|---|
| Dewey Decimal Classification | London | London | Journal article | 02/06/2011 | L153072 | 153072-1001 | 06/08/2019 | 1 | 06/08/2019 | Journal article |